000
00298nam a22001337a 4500
008
210518b ||||| |||| 00| 0 eng d
041
_a
eng
080
_2
5th
_a
336
082
_a
336
100
_a
56
101
_a
FIN
245
_a
Principles of Corporate Finance
_c
Brealey,R.A
942
_2
udc
_c
BK
999
_c
57396
_d
57396